Obálka Náhled e-knihy:
PDF
Pro půjčování e-knih musíte být přihlášeni.
Jak si půjčit online?

Vánoční kdože, cože?! /

Romantický příběh plný emocí, humoru a sváteční atmosféry volně navazuje na populární sérii Navždycky.

Uloženo v:
Série:Navždycky (Nofreeusernames), část
Hlavní autor: Nofreeusernames, 1986- (Autor)
Médium: E-kniha
Jazyk:Czech
Vydáno: V Praze : CooBoo, 2025
Vydání:1. vydání
Témata:
Příbuzné jednotky:Z cyklu:: Navždycky (Nofreeusernames)
Tagy:
Žádné tagy
LEADER 02548nam a2200505 i 4500
001 312841
003 CZ PrSKC
005 20260601215729.0
007 ta
008 251003s2025 xr a d 000 f cze
015 |a cnb003711427 
020 |a 9788026740179  |q (brožováno) :  |c Kč 299,00 
035 |a (OCoLC)1559932270 
040 |a ABG001  |b cze  |d OLA001  |d BOA001  |e rda 
072 7 |a 821.162.3-3  |x Česká próza  |2 Konspekt 
072 7 |a 821-93  |x Literatura pro děti a mládež (beletrie)  |2 Konspekt 
080 |a 821.162.3-31  |2 MRF 
080 |a 821-93-053.67  |2 MRF 
080 |a 821-93  |2 MRF 
080 |a (0:82-31)-055.25  |2 MRF 
100 0 |a Nofreeusernames,  |d 1986-  |7 xx0252629  |4 aut 
245 1 0 |a Vánoční kdože, cože?! /  |c Nofreeusernames 
250 |a 1. vydání 
264 1 |a V Praze :  |b CooBoo,  |c 2025 
300 |a 152 stran :  |b barevné ilustrace ;  |c 20 cm 
336 |a text  |b txt  |2 rdacontent 
337 |a bez média  |b n  |2 rdamedia 
338 |a svazek  |b nc  |2 rdacarrier 
500 |a Obsahuje QR kódy s přístupem k bonusovým materiálům 
520 2 |a Romantický příběh plný emocí, humoru a sváteční atmosféry volně navazuje na populární sérii Navždycky.  |b Vánoce jsou tady - jenom ne tak veselé, jak by si všichni přáli. Mei svátky bojkotuje od smrti svého táty, a teď se navíc musí vyrovnat s ultravánoční nevlastní sestrou Harper. Ava jako obvykle trpí v kruhu rodinném a stýská se jí po Chrisovi za mořem, Charlee s Noahem se zatím skoro neviděli a Travis se Harper pořád ještě nevyznal. A pak se naskytne šance vyrazit společně na chatu. Nakladatelská anotace. Kráceno. 
655 7 |a české romány  |7 fd133974  |2 czenas 
655 7 |a dívčí romány  |7 fd132186  |2 czenas 
655 7 |a literatura young adult  |7 fd1185572  |2 czenas 
655 7 |a publikace pro mládež  |7 fd133157  |2 czenas 
655 9 |a Czech fiction  |2 eczenas 
655 9 |a girls' novels  |2 eczenas 
655 9 |a young adult literature  |2 eczenas 
655 9 |a juvenile literature  |2 eczenas 
787 0 8 |i Z cyklu:  |t Navždycky (Nofreeusernames) 
900 |a ABA001  |b 19 
928 9 |a Albatros Media - CooBoo 
044 |a xr 
910 |a RBIT002 
998 |d 422935  |a https://core.palmknihy.cz/api/books/422935/cover?t3uecn  |b https://core.palmknihy.cz/api/books/422935/cover/400?t3uecn  |c https://core.palmknihy.cz/api/books/422935/cover/50?t3uecn  |e 2035-12-31  |g 160  |i 9788026740179  |k https://core.palmknihy.cz/api/books/422935/preview.pdf  |l   |q 49  |r 1  |s https://www.palmknihy.cz/kniha/422935  |t ebook  |y 2025  |z 0 
999 |d 312839